Govt. of
Madhya Pradesh

Teaching Of History (Record no. 1324)

MARC details
000 -LEADER
fixed length control field 003280000a22001570004500
001 - CONTROL NUMBER
control field 001329
003 - CONTROL NUMBER IDENTIFIER
control field MACL
040 ## - CATALOGING SOURCE
Original cataloging agency MACL
090 ## - LOCALLY ASSIGNED LC-TYPE CALL NUMBER (OCLC); LOCAL CALL NUMBER (RLIN)
-- 1329
-- 1329
100 ## - MAIN ENTRY--PERSONAL NAME
Personal name Wangoo, M.l
245 ## - TITLE STATEMENT
Title Teaching Of History
Statement of responsibility, etc. M.l Wangoo
260 ## - PUBLICATION, DISTRIBUTION, ETC. (IMPRINT)
Place of publication, distribution, etc. Suneek Publications,
Date of publication, distribution, etc. 2000
350 ## - PRICE (NR) (BK AM CF MU VM SE) [OBSOLETE]
Price 150
650 ## - SUBJECT ADDED ENTRY--TOPICAL TERM
Topical term or geographic name as entry element Education
942 ## - ADDED ENTRY ELEMENTS (KOHA)
Call number prefix 371
Koha item type Library Membar
Holdings
Withdrawn status Lost status Damaged status Not for loan Home library Current library Date acquired Total Checkouts Full call number Barcode Date last seen Uniform Resource Identifier Price effective from Koha item type
        MACL MACL 15/04/2015   371 Book CRE12129 29/04/2015 1328 15/04/2015 Books